Statistics for 20 Most Populous Provinces of Spain

Click here to take the quiz!

General Stats

  • This quiz has been taken 16 times
  • The average score is 13 of 20

Answer Stats

HintProvince% Correct
5,797,356Barcelona
100%
6,871,903Madrid
100%
2,656,841Valencia
92%
934,072Granada
85%
1,959,394Sevilla
85%
1,955,268Alicante
77%
775,002Córdoba
77%
979,365Zaragoza
77%
1,254,866Cádiz
69%
808,672Girona
69%
1,752,728Málaga
69%
1,551,692Murcia
69%
1,123,884A Coruña
62%
1,145,843Las Palmas
54%
1,067,173Santa Cruz de Tenerife
54%
848,592Tarragona
54%
1,006,060Asturias
38%
946,710Pontevedra
38%
1,209,906Balearic Islands
31%
1,153,282Biscay
23%

Score Distribution

Percentile by Number Answered

Percent of People with Each Score

Your Score History

You have not taken this quiz